000 01140nam a2200241Ia 4500
003 Ost
005 20260507075354.0
008 260507s9999||||xx |||||||||||||| ||und||
020 _a40998099579
040 _cfsecg
041 _aara
082 _a330
100 _aأبو الهول، محي الدين يعقوب
_eمؤلف
245 0 _aتقييم أعمال البنوك الإسلامية الإستثمارية :
_bدراسة تحليلية مقارنة /
_c محي الدين يعقوب أبو الهول
260 _aعمان:
_bدار النفائس للنشر والتوزيع,
_c2012
300 _a375 صفحة؛
_bإيضاحات ؛
_c24 سم
504 _aالمراجع ص.343
520 _aاستثمار المال ودور البنوك الإسلامية فيه- صيغ التمويل والاستثمار القائمة على الملكية- صيغ الإستثمار القائمة على المديونية في البنوك الإسلامية
653 _aالإقتصاد الإسلامي
653 _aالبنوك الإستثمارية
653 _aالبنوك الإسلامية
942 _cكتاب
999 _c44182
_d44182